Practical Paediatric Problems (Record no. 1640)
[ view plain ]
| 000 -LEADER | |
|---|---|
| fixed length control field | 00541nam a22002057a 4500 |
| 003 - CONTROL NUMBER IDENTIFIER | |
| control field | OSt |
| 005 - DATE AND TIME OF LATEST TRANSACTION | |
| control field | 20200214103953.0 |
| 008 - FIXED-LENGTH DATA ELEMENTS--GENERAL INFORMATION | |
| fixed length control field | 150428b xxu||||| |||| 00| 0 eng d |
| 020 ## - INTERNATIONAL STANDARD BOOK NUMBER | |
| International Standard Book Number | 0853241449 |
| 040 ## - CATALOGING SOURCE | |
| Transcribing agency | 04 |
| 082 ## - DEWEY DECIMAL CLASSIFICATION NUMBER | |
| Classification number | WS200 H73p 1980 |
| 100 ## - MAIN ENTRY--PERSONAL NAME | |
| Personal name | Hutchison, James H. |
| 9 (RLIN) | 4315 |
| 245 ## - TITLE STATEMENT | |
| Title | Practical Paediatric Problems |
| 250 ## - EDITION STATEMENT | |
| Edition statement | 5th ed. |
| 260 ## - PUBLICATION, DISTRIBUTION, ETC. (IMPRINT) | |
| Place of publication, distribution, etc. | London: |
| Name of publisher, distributor, etc. | Lloyd-Luke; |
| Date of publication, distribution, etc. | 1980. |
| 300 ## - PHYSICAL DESCRIPTION | |
| Extent | xxi, 682 p : |
| Other physical details | ill; |
| Dimensions | 25 cm |
| 504 ## - BIBLIOGRAPHY, ETC. NOTE | |
| Bibliography, etc | Includes references and index |
| 650 ## - SUBJECT ADDED ENTRY--TOPICAL TERM | |
| Topical term or geographic name as entry element | Paediatric Problems |
| 9 (RLIN) | 4316 |
| 942 ## - ADDED ENTRY ELEMENTS (KOHA) | |
| Source of classification or shelving scheme | Other/Generic Classification Scheme |
| Koha item type | Short Loan |
| Withdrawn status | Lost status | Source of classification or shelving scheme | Damaged status | Not for loan | Home library | Current library | Date acquired | Source of acquisition | Inventory number | Total Checkouts | Full call number | Barcode | Date last seen | Koha item type |
|---|---|---|---|---|---|---|---|---|---|---|---|---|---|---|
| Other/Generic Classification Scheme | MUST Main Library | MUST Main Library | 28/04/2015 | Purchase | 97/10900 | WS 200 H73p 1980 | 2015-1231 | 28/04/2015 | Short Loan |
